000 00799nam a22002177a 4500
999 _c25843
_d25843
005 20190515155611.0
010 _aB-284501, B-231449
020 _a8186849165
_c175.00
035 _aB-284501, B-061181, B-231449, B-231447,B-231447
037 _bPansy Books
082 _aS
100 _aKrishan Chander
245 _aThe full moon night /
_cby Krishan Chander; translated by Jai Ratan
260 _aDelhi
_bAsia Publisher
_c2001
270 _aA-36, Chetak Apartment, Sector-9, Rohini
_e110085
_bDelhi
_k7561823, 7552726
300 _a135p.
_c22cm. (Hb)
700 _aJai Ratan
942 _2ddc
_cEN
_hS
_mKRI